书目信息 |
| 题名: |
蒙古秘史
|
|
| 作者: | 乌云达贲 , 额尔登泰 校勘 | |
| 分册: | ||
| 出版信息: | 呼和浩特 内蒙古人民出版社 1980 |
|
| 页数: | 1083页 | |
| 开本: | 21cm | |
| 丛书名: | ||
| 单 册: | ||
| 中图分类: | K281.2 | |
| 科图分类: | ||
| 主题词: | 民族志-蒙古(古族名) , 蒙古(古族名)-民族志 | |
| 电子资源: | ||
| ISBN: | ||
| 000 | 00701nam0 2200253 45 | |
| 001 | 0180000650 | |
| 005 | 20061117104803.68 | |
| 010 | @b精装@dCNY8.00 | |
| 091 | @aCN@b11089.25 | |
| 100 | @a19950605d1980 em y0chiy0121 ea | |
| 101 | 0 | @achi |
| 102 | @aCN@b150000 | |
| 105 | @ay z 000yy | |
| 200 | 10 | @a蒙古秘史@Ameng gu mi shi@e校勘本@f额尔登泰,乌云达贲校勘 |
| 210 | @a呼和浩特@c内蒙古人民出版社@d1980 | |
| 215 | @a1083页@d21cm | |
| 606 | @a民族志-蒙古(古族名) | |
| 606 | @a蒙古(古族名)-民族志 | |
| 690 | @aK281.2@v3 | |
| 701 | 0 | @a乌云达贲@Awu yun da bi@4校勘 |
| 701 | 0 | @a额尔登泰@Ae er deng tai@4校勘 |
| 801 | 2 | @aCN@bNLC@c20061117 |
| 801 | 0 | @aCN@bTSSF |
| 905 | @a10447@dK281.2@e31 | |
| 蒙古秘史:校勘本/额尔登泰,乌云达贲校勘.-呼和浩特:内蒙古人民出版社,1980 |
| 1083页;21cm |
| ISBN (精装):CNY8.00 |
| ● |
| 相关链接 |
|
|
|
|
正题名:蒙古秘史
索取号:K281.2/31
 
预约/预借
| 序号 | 登录号 | 条形码 | 馆藏地/架位号 | 状态 | 备注 |
| 1 | 0219429 | 202441713 | 第二样本阅览室/ [索取号:K281.2/31] | 在馆 |